000 00393nam a2200133Ia 4500
005 20250430160745.0
008 231217s9999 xx 000 0 und d
020 _a9780471789116
082 _a005.14 NAI;1 R
100 _aNaik, Kshirasagar. Tripathy, Priyadarshi
245 0 _aSoftware testing and quality assurance : theory and practice
260 _c2008
_bJohn Wiley
_aUSA
942 _cAA
999 _c183111
_d183111